000 00716nam a2200289Ia 4500
005 20260324134903.0
008 008 260324s9999 xx 000 0 eng d
020 _a9781315822778
037 _aEBOOK
040 _aCRL
040 _beng
040 _cCRL
041 _2eng
041 _aeng
084 _qCRL
100 _aWen Kwei Liao
_91198528
245 4 _aThe Individual and the Community
245 2 _bA Historical Analysis of the Motivating Factors Of Social Conduct
260 _bTaylor and Francis
260 _c2001
365 _a
365 _b300
856 _uhttp://www.taylorfrancis.com/books/9781315822778
942 _cEBOOK
999 _c1799056
_d1799056